ចៅទំពាំងមាស / (Record no. 4519)
[ view plain ]
| 000 -LEADER | |
|---|---|
| fixed length control field | 02979nam a22002777a 4500 |
| 001 - CONTROL NUMBER | |
| control field | 4519 |
| 003 - CONTROL NUMBER IDENTIFIER | |
| control field | FISKH |
| 005 - DATE AND TIME OF LATEST TRANSACTION | |
| control field | 20250310162819.0 |
| 008 - FIXED-LENGTH DATA ELEMENTS--GENERAL INFORMATION | |
| fixed length control field | 240912b cb ||||| |||| 00| 0 eng d |
| 040 ## - CATALOGING SOURCE | |
| Original cataloging agency | FISKH |
| Language of cataloging | Bilingual |
| Transcribing agency | FISKH |
| Modifying agency | FISKH |
| 050 ## - LIBRARY OF CONGRESS CALL NUMBER | |
| Classification number | PZ7 |
| 082 ## - DEWEY DECIMAL CLASSIFICATION NUMBER | |
| Classification number | 900 |
| 100 ## - MAIN ENTRY--PERSONAL NAME | |
| Personal name | Thaily, Ly |
| Relator term | author |
| 245 ## - TITLE STATEMENT | |
| Title | ចៅទំពាំងមាស / |
| Statement of responsibility, etc. | រៀបរៀងដោយ លី ថៃលី : វិចិត្រកររូបភាពដោយ ថៃ សាន្ត |
| 260 ## - PUBLICATION, DISTRIBUTION, ETC. | |
| Place of publication, distribution, etc. | ភ្នំពេញ : |
| Name of publisher, distributor, etc. | រោងពុម្ពពេជ្រ ណែត ; |
| 300 ## - PHYSICAL DESCRIPTION | |
| Extent | 24 pages : |
| Other physical details | color illustrations ; |
| Dimensions | 26 cm . |
| 505 ## - FORMATTED CONTENTS NOTE | |
| Formatted contents note | K <br/> |
| 520 ## - SUMMARY, ETC. | |
| Summary, etc. | មានបុរសក្រីក្រម្នាក់ទៅសុីឈ្នួលលោកមហាសេដ្ធី បានមាសប៉ុនក្រសារត្រីក្រឺមហើយគាត់ក៏យកមាសទៅចូលបុណ្យនៅវត្ត ។ក្រោយមកបុរសម្នាក់នោះក៏ស្លាប់ដោយសារភាពក្រីក្រ ។ ហើយគែក៏បានចាប់កំណើតក្នុងត្រកូលក្រីក្រ។ នៅពេលគេមានអាយុ២០ឆ្នាំឪពុកម្តាយរបស់គេក៏ស្លាប់ចោល។ ថ្ងៃមួយគេបានជួបជាមួយព្រះរាជបុត្រី ហើយព្រះនាងក៏លើកកំរងផ្កាពាក់អោយបុរសកំសត់ ធ្វើអោយព្រះមហាក្សត្រពីរោធយ៉ាងខ្លាំង ក៏បណ្តេញនាងចេញពីវាំង។ ពេលមកដល់ផ្ទះបុរសកំសត់នាងបានឃើញខ្ខមទាំងមូលសង់អំពីមាស។ នាងគិតថាបុរសនេះល្ងង់ណាស់។ទំពាំងដុះឡើងជាមាសនាងក៏យកទៅថ្វាយបិតា។ ចំណេរក្រោយមកទ្រង់ក៏អោយពលសេនាដង្ហែរពួកគេចូលវាំង ។ |
| 520 ## - SUMMARY, ETC. | |
| Summary, etc. | A poor man went to work for a millionaire, got a lot of gold, cream, and he took the gold to the pagoda festival. Later, the man died of poverty, and he was born into a poor family. . When he was 20, his parents died.One day they met the princess, and she brought a wreath for the poor man, and the king was very angry, and he drove her out of the palace.When she arrived at the house of the poor man, she saw the whole Khmer made of gold. She thought this man was very foolish. Later, he sent his troops into the palace. |
| 521 8# - TARGET AUDIENCE NOTE | |
| Target audience note | 510 <br/> |
| Source | Lexile estimate <br/> |
| 521 8# - TARGET AUDIENCE NOTE | |
| Target audience note | K <br/> |
| Source | Raz-Plus <br/> |
| 650 ## - SUBJECT ADDED ENTRY--TOPICAL TERM | |
| Topical term or geographic name entry element | Poor man |
| 700 ## - ADDED ENTRY--PERSONAL NAME | |
| Personal name | San, Thai |
| Relator term | illustrator |
| 942 ## - ADDED ENTRY ELEMENTS (KOHA) | |
| Source of classification or shelving scheme | Dewey Decimal Classification |
| Koha item type | Khmer Books |
| Suppress in OPAC | No |
| Withdrawn status | Lost status | Source of classification or shelving scheme | Damaged status | Not for loan | Collection | Home library | Current library | Shelving location | Date acquired | Total Checkouts | Full call number | Barcode | Date last seen | Copy number | Price effective from | Koha item type |
|---|---|---|---|---|---|---|---|---|---|---|---|---|---|---|---|---|
| Dewey Decimal Classification | Khmer Language Books / សៀវភៅភាសាខ្មែរ | Footprints International School Library Network Toul Tom Poung Campus | Footprints International School Library Network Toul Tom Poung Campus | TTP Primary Khmer Bookshelves | 09/12/2024 | THA PZ7 900 | 2024-1938 | 03/11/2026 | 1 | 09/12/2024 | Khmer Books | |||||
| Dewey Decimal Classification | Khmer Language Books / សៀវភៅភាសាខ្មែរ | Footprints International School Library Network Toul Tom Poung Campus | Footprints International School Library Network Toul Tom Poung Campus | TTP Primary Khmer Bookshelves | 11/27/2025 | THA PZ7 900 | 2025-4927 | 11/27/2025 | 2 | 11/27/2025 | Khmer Books | |||||
| Dewey Decimal Classification | Khmer Language Books / សៀវភៅភាសាខ្មែរ | Footprints International School Library Network Toul Tom Poung Campus | Footprints International School Library Network Toul Tom Poung Campus | TTP Primary Khmer Bookshelves | 11/28/2025 | THA PZ7 900 | 2025-4988 | 11/28/2025 | 3 | 11/28/2025 | Khmer Books |
